<?xml version="1.0" encoding="UTF-8"?>
<marc:record xmlns:marc="http://www.loc.gov/MARC21/slim">
   <marc:leader>00000nam a2200000 a 4500</marc:leader>
   <marc:datafield ind1="1" ind2=" " tag="100">
      <marc:subfield code="a">Korn, Max</marc:subfield>
      <marc:subfield code="4">aut</marc:subfield>
      <marc:subfield code="e">Verfasser/-in</marc:subfield>
   </marc:datafield>
   <marc:datafield ind1=" " ind2=" " tag="653">
      <marc:subfield code="a">Verbrechen</marc:subfield>
   </marc:datafield>
   <marc:datafield ind1="0" ind2="0" tag="245">
      <marc:subfield code="a">Talberg 1935</marc:subfield>
   </marc:datafield>
   <marc:datafield ind1="0" ind2="0" tag="245">
      <marc:subfield code="b">Roman</marc:subfield>
   </marc:datafield>
   <marc:datafield ind1="0" ind2="0" tag="245">
      <marc:subfield code="c">Max Korn</marc:subfield>
   </marc:datafield>
   <marc:datafield ind1=" " ind2="1" tag="264">
      <marc:subfield code="a">München</marc:subfield>
      <marc:subfield code="b">Wilhelm Heyne Verlag</marc:subfield>
      <marc:subfield code="c">2021</marc:subfield>
   </marc:datafield>
   <marc:datafield ind1=" " ind2=" " tag="250">
      <marc:subfield code="a">Originalausgabe</marc:subfield>
   </marc:datafield>
   <marc:datafield ind1="1" ind2=" " tag="520">
      <marc:subfield code="a">Ein Mann, der totgeglaubt war, ist zurückgekehrt. Und einer, der gestern noch lebte, liegt mit zerschmettertem Schädel auf dem Berg.##Der Lehrer Steiner hat einen Turm bauen lassen. Angeblich für Vermessungszwecke. Doch im Wirtshaus erzählen sie sich, er beabsichtige, seine Frau dort hinunterzuwerfen. Aber dann liegt er selber unten, mit zerschmettertem Schädel und leeren Augen. Wer hat seinen perfiden Plan für sich missbraucht? Und wer erbt jetzt den Hof, den der Lehrer nie haben wollte? Seine Frau? Oder der ungeliebte Bruder, dessen Name voreilig ins Kriegerdenkmal gemeißelt worden war? Doch er kehrte zurück, und statt seines Lebens hat er nur einen Arm im Krieg gelassen &#x96; und jegliche Menschlichkeit.</marc:subfield>
   </marc:datafield>
   <marc:datafield ind1=" " ind2=" " tag="020">
      <marc:subfield code="a">9783453424593</marc:subfield>
      <marc:subfield code="9">9783453424593</marc:subfield>
   </marc:datafield>
   <marc:datafield ind1=" " ind2=" " tag="041">
      <marc:subfield code="a">ger</marc:subfield>
   </marc:datafield>
   <marc:datafield ind1=" " ind2=" " tag="300">
      <marc:subfield code="a">397 Seiten</marc:subfield>
   </marc:datafield>
</marc:record>
